000 00676nam a2200205Ia 4500
003 OSt
005 20250726120613.0
008 210210b2000 xxu||||| |||| 00| 0 eng d
040 _cAL
041 _aKannada
082 _aK894.4 BALR
100 _aBALAKRASHNA BHAT (K M).
_9149834
_dಬಾಲಕೃಷ್ಣ ಭಟ್ (ಕೆ.ಎಂ)
245 _aRama kathamanjari gadyakavya. Samp 2.
_bರಾಮ ಕಥಾಮಂಜರಿ ಗದ್ಯಕಾವ್ಯ : ಸಂಪುಟ ೨
260 _aKasargod
_bVidwan S B Khandige
_c2000
300 _axxxii,416
650 _aRamakathamanjari.Samp 2
_9149835
690 _aKannada Prose
_9149836
906 _a055866
942 _2ddc
_cBK
999 _c103496
_d103496